| 000 | 00687nam a2200217 a 4500 | ||
|---|---|---|---|
| 001 | 79317 | ||
| 003 | BD-RjUL | ||
| 005 | 20220203115234.0 | ||
| 008 | 220203s1951 enk||||| |||| 00| 0 eng d | ||
| 035 | _a(BD-RjUL)79317 | ||
| 040 |
_aBD-RjUL _beng _cBD-RjUL |
||
| 041 | _aeng | ||
| 082 |
_223 _a820.9 _bLEH 1951 |
||
| 100 |
_aLegouis, Emile, 1861-1937 _91113 |
||
| 245 |
_aA history of English literature : _bthe middle ages and the renascence (650-1660) / _cEmile Legouis, Louis Cazamian. |
||
| 260 |
_aLondon : _bDent, _c1951 |
||
| 300 |
_aXXI, 1401 p.; _c20 cm. |
||
| 650 |
_aEnglish literature _xHistory and criticism _91114 |
||
| 700 |
_aCazamian, Louis _91115 |
||
| 942 |
_2ddc _cBK |
||
| 999 |
_c79317 _d79317 |
||